Представление документа в формате RUSMARC

ПолеНазваниеЗначение
  Тип записи a
  Библиографический уровень m
001 Контрольный номер 117b6c36d9324ffabd9094b0263c67de
005 Дата корректировки 20260514144930.9
010 Индекс ISBN __
a ISBN 978-5-04-096751-3
b Уточнения в пер.
9 Тираж 4000 экз.
100 Данные общей обработки __
a Данные общей обработки 20260514d2026 c y0rusy028902 ca
101 Язык документа 0_
a Язык текста rus
102 Страна публикации __
a Страна публикации RU
105 Кодированные данные (монография) __
a Кодированные данные (монография) a z 000ay
181 Поле кодированных данных: вид содержания _0
a Код вида содержания (ISBD) i
182 Поле кодированных данных: тип средства _0
a Код типа средства (ISBD) n
200 Заглавие и сведения об ответственности 1_
a Заглавие Путешествие по звездам
e Сведения, относящиеся к заглавию [для дошкольного возраста : для чтения взрослыми детям]
f Первые сведения об ответственности Гарриет Манкастер
g Последующие сведения об ответственности [перевод с английского Д. Ю. Кузнецовой
g Последующие сведения об ответственности иллюстрации автора]
203 Вид содержания и тип средства __
a Вид содержания Текст
c Тип средства непосредственный
210 Выходные данные 1_
a Место издания Москва
c Издательство Эксмо
c Издательство Эксмодетство
d Дата издания 2026
215 Физическое описание __
a Объем 121, [37] с.
c Иллюстрации/тип воспроизводства цв. ил.
d Формат 19 см
225 Серия 2_
a Серия Изадора Мун
i Наименование части Приключения очень необычной девочки
300 Общие примечания __
a Общие примечания Другие книги автора: с. [2]
300 Общие примечания __
a Общие примечания 4-я книга серии "Изадора Мун"
330 Аннотация __
a Аннотация Изадора и не сомневалась, что эти выходные станут самыми волшебными в её жизни! Ну ещё бы! Когда в гости приезжает её тётя, зимняя фея, чудеса случаются на каждом шагу. Деревья одеваются в белый наряд, во дворе появляется каток, а снег становится волшебным! И если слепить из этого снега снеговика, то он… оживёт! Изадора ужасно рада познакомиться со Снежным Мальчиком! Но есть одна проблема: с наступлением весны он наверняка растает! А это значит, что нужно срочно найти для него дом, где холод царит круглый год. Кажется, друзьям предстоит совершить долгое путешествие…
333 Примечание о целевом назначении __
a Примечание о целевом назначении 6+. Для детей старше шести лет
454 Оригинал _0
1 2001
a Isadora Moon Makes Winner Magic
1 700 1
a Muncaster
b H.
g Harriet
517 Другие варианты заглавия 1_
a Другие варианты заглавия Изадора Мун
517 Другие варианты заглавия 1_
a Другие варианты заглавия Путешествие по звёздам
606 Тематические рубрики __
a Основная рубрика Художественная литература
2 Код системы nlr_sh
606 Тематические рубрики __
2 Код системы nlr_sh
a Основная рубрика Литература Европы (произведения)
y Географическая подрубрика Великобритания
y Географическая подрубрика Англия
610 Ключевые слова 0_
a Ключевые слова зарубежная литература
610 Ключевые слова 0_
a Ключевые слова современная литература
610 Ключевые слова 0_
a Ключевые слова детская литература
610 Ключевые слова 0_
a Ключевые слова английская литература
610 Ключевые слова 0_
a Ключевые слова детское фэнтези
610 Ключевые слова 0_
a Ключевые слова тема привидений
610 Ключевые слова 0_
a Ключевые слова привидения
610 Ключевые слова 0_
a Ключевые слова тема фей
610 Ключевые слова 0_
a Ключевые слова феи
610 Ключевые слова 0_
a Ключевые слова тема волшебства
610 Ключевые слова 0_
a Ключевые слова волшебство
610 Ключевые слова 0_
a Ключевые слова тема магии
610 Ключевые слова 0_
a Ключевые слова магия
610 Ключевые слова 0_
a Ключевые слова тема друзей
686 Индексы других классификаций __
2 Код системы rubbks
a Классификационный индекс мл84
700 Автор _1
a Фамилия Манкастер
b Имя Г.
g Полное личное имя Гарриет
4 Код отношения 070
4 Код отношения 440
f Даты 1988-
702 Вторичная интеллектуальная ответственность _1
a Фамилия Кузнецова
b Имя Д. Ю.
4 Код отношения 730
g Полное личное имя Дарья Юрьевна
801 Источник записи _0
b Организация Муниципальное бюджетное учреждение культуры "Централизованная библиотечная система" г. Сургут (Центральная городская библиотека им. А. С. Пушкина)
a Страна RU
c Дата составления 20260514
g Правила каталогизации PSBO
801 Источник записи _1
b Организация Муниципальное бюджетное учреждение культуры "Централизованная библиотечная система" г. Сургут (Центральная городская библиотека им. А. С. Пушкина)
a Страна RU
c Дата составления 20260514
g Правила каталогизации PSBO
852 Данные о местонахождении __
i Авторский знак М 23
j Шифр хранения мл84
901 Тип документа __
a Ответственный ООФиК/Волкова
t Тип документа m
901 Тип документа __
a Ответственный без партии
903 Характеристики (МАРС) __
a Дата передачи 20260514
c Наименование библиотеки (МАРС) Муниципальное бюджетное учреждение культуры "Централизованная библиотечная система" г. Сургут (Центральная городская библиотека им. А. С. Пушкина)
969 Тип издания __
a Тип издания издание для детей